United Kingdom Administrative Divisions Quiz Stats

 Plays Quiz not verified by Sporcle

Challenge
Share
Tweet
Embed
Score 0/20 Timer 05:00
0 Plays Today
Administrative Divisions Answer % Correct
United Kingdom CountriesWales
96.5%
United Kingdom CountriesNorthern Ireland
94.7%
United Kingdom CountriesScotland
94.7%
United Kingdom CountriesEngland
93%
Crown dependenciesJersey
84.2%
Crown dependenciesGuernsey
80.7%
Crown dependenciesIsle of Man
78.9%
British Overseas TerritoriesBermuda
70.2%
British Overseas TerritoriesBritish Indian Ocean Territory
66.7%
British Overseas TerritoriesBritish Virgin Islands
66.7%
Administrative Divisions Answer % Correct
British Overseas TerritoriesFalklands Islands
61.4%
British Overseas TerritoriesPitcairn Islands
61.4%
British Overseas TerritoriesCayman Islands
56.1%
British Overseas TerritoriesAkrotiri and Dhekelia
54.4%
British Overseas TerritoriesMontserrat
52.6%
British Overseas TerritoriesTurks and Caicos Islands
50.9%
British Overseas TerritoriesAnguilla
49.1%
British Overseas TerritoriesSouth Georgia and the South Sandwich Islands
47.4%
British Overseas TerritoriesSaint Helena,Ascension and Tristan da Cunha
36.8%
British Overseas TerritoriesGibraltar
35.1%

You're not logged in!

Compare scores with friends on all Sporcle quizzes.
OR
Log In

You Might Also Like...

Show Comments

Extras

Created Oct 11, 2014ReportNominate
Tags:United Kingdom Quiz

Top Quizzes Today


Score Distribution

Your Account Isn't Verified!

In order to create a playlist on Sporcle, you need to verify the email address you used during registration. Go to your Sporcle Settings to finish the process.

Report this User

Report this user for behavior that violates our Community Guidelines.

Details: